Nueva historia de la Iglesia

Đã lưu trong:
Chi tiết về thư mục
Định dạng: Sách
Ngôn ngữ:Tiếng Tây Ban Nha
Được phát hành: Madrid Cristiandad 1964
Những chủ đề:
Các nhãn: Thêm thẻ
Không có thẻ, Là người đầu tiên thẻ bản ghi này!

MARC

LEADER 00000cam a2200000 a 4500
001 UCL4217
003 CL-VaPUC
008 040109e19640000SP |||||||||||||||||spa|d
082 0 4 |a 270  |b NUE  |2 21 
245 1 0 |a Nueva historia de la Iglesia 
300 |a v 
942 |c BK 
945 |d 20040109 00:00:00  |a vberengu 
260 |a Madrid  |b Cristiandad  |c 1964 
500 |a v.1: Desde los orígenes a San Gregorio Magno 
500 |a v.2: La Iglesia en la edad media 
500 |a v.3: Reforma y contrarreforma 
500 |a v.4: De la Ilustración a la Restauración 
500 |a v.5: La Iglesia en el mundo moderno: 1848 al Vaticano II 
650 0 |a Historia de la iglesia   |9 257565 
583 |a last modification  |c 20150713 09:59:15  |k Rodrigo Vera 
999 |c 307099  |d 307097 
952 |0 0  |1 0  |4 0  |6 270_000000000000000_NUE_1964  |7 0  |8 F  |9 372621  |a BIBTEO  |b BIBTEO  |d 2019-11-21  |h v.1  |i 2099225  |o 270 NUE 1964  |p 2099225  |r 2025-01-17  |w 2019-11-21  |y BK_F  |k ICR 
952 |0 0  |1 0  |4 0  |6 270_000000000000000_NUE_1964  |7 0  |8 F  |9 372622  |a BIBTEO  |b BIBTEO  |d 2019-11-21  |h v.1  |i 2099233  |o 270 NUE 1964  |p 2099233  |r 2025-01-17  |w 2019-11-21  |y BK_F  |k ICR 
952 |0 0  |1 0  |4 0  |6 270_000000000000000_NUE_1964  |7 0  |8 F  |9 372623  |a BIBTEO  |b BIBTEO  |d 2019-11-21  |h v.1  |i 2099241  |o 270 NUE 1964  |p 2099241  |r 2025-01-17  |w 2019-11-21  |y BK_F  |k ICR 
952 |0 0  |1 0  |4 0  |6 270_000000000000000_NUE_1964  |7 0  |8 F  |9 372624  |a BIBTEO  |b BIBTEO  |d 2019-11-21  |h v.2  |i 209925K  |o 270 NUE 1964  |p 209925K  |r 2025-01-17  |w 2019-11-21  |y BK_F  |k ICR 
952 |0 0  |1 0  |4 0  |6 270_000000000000000_NUE_1964  |7 0  |8 F  |9 372625  |a BIBTEO  |b BIBTEO  |d 2019-11-21  |h v.2  |i 2099268  |o 270 NUE 1964  |p 2099268  |r 2025-01-17  |w 2019-11-21  |y BK_F  |k ICR 
952 |0 0  |1 0  |4 0  |6 270_000000000000000_NUE_1964  |7 0  |8 F  |9 372626  |a BIBTEO  |b BIBTEO  |d 2019-11-21  |h v.3  |i 2099276  |o 270 NUE 1964  |p 2099276  |r 2025-01-17  |w 2019-11-21  |y BK_F  |k ICR 
952 |0 0  |1 0  |4 0  |6 270_000000000000000_NUE_1964  |7 0  |8 F  |9 372627  |a BIBTEO  |b BIBTEO  |d 2019-11-21  |h v.3  |i 2099284  |o 270 NUE 1964  |p 2099284  |r 2025-01-17  |w 2019-11-21  |y BK_F  |k ICR 
952 |0 0  |1 0  |4 0  |6 270_000000000000000_NUE_1964  |7 0  |8 F  |9 372628  |a BIBTEO  |b BIBTEO  |d 2019-11-21  |h v.4  |i 2099292  |o 270 NUE 1964  |p 2099292  |r 2025-01-17  |w 2019-11-21  |y BK_F  |k ICR 
952 |0 0  |1 0  |4 0  |6 270_000000000000000_NUE_1964  |7 0  |8 F  |9 372629  |a BIBTEO  |b BIBTEO  |d 2019-11-21  |h v.4  |i 2099306  |o 270 NUE 1964  |p 2099306  |r 2025-01-17  |w 2019-11-21  |y BK_F  |k ICR 
952 |0 0  |1 0  |4 0  |6 270_000000000000000_NUE_1964  |7 0  |8 F  |9 372630  |a BIBTEO  |b BIBTEO  |d 2019-11-21  |h v.5  |i 2099314  |o 270 NUE 1964  |p 2099314  |r 2025-01-17  |w 2019-11-21  |y BK_F  |k ICR 
952 |0 0  |1 0  |4 0  |6 270_000000000000000_NUE_1964  |7 0  |8 F  |9 372631  |a BIBTEO  |b BIBTEO  |d 2019-11-21  |h v.5  |i 2099322  |o 270 NUE 1964  |p 2099322  |r 2025-01-17  |w 2019-11-21  |y BK_F  |k ICR 
952 |0 0  |1 0  |3 erd  |4 0  |6 270_000000000000000_NUE_1964  |7 0  |8 F  |9 372632  |a BIBTEO  |b BIBTEO  |e Rehbein Pesce, Antonio, -2014  |h v.1  |i 5187311  |o 270 NUE 1964  |p 5187311  |r 2025-01-17  |w 2019-11-21  |y BK_F  |z Catalogado en:20150728  |k ICR 
952 |0 0  |1 0  |3 erd  |4 0  |6 270_000000000000000_NUE_1964  |7 0  |8 F  |9 372633  |a BIBTEO  |b BIBTEO  |e Rehbein Pesce, Antonio, -2014  |h v.2  |i 518732K  |o 270 NUE 1964  |p 518732K  |r 2025-01-17  |w 2019-11-21  |y BK_F  |z Catalogado en:20150728  |k ICR 
952 |0 0  |1 0  |3 erd  |4 0  |6 270_000000000000000_NUE_1964  |7 0  |8 F  |9 372634  |a BIBTEO  |b BIBTEO  |e Rehbein Pesce, Antonio, -2014  |h v.3  |i 5187338  |o 270 NUE 1964  |p 5187338  |r 2025-01-17  |w 2019-11-21  |y BK_F  |z Catalogado en:20150728  |k ICR 
952 |0 0  |1 0  |3 erd  |4 0  |6 270_000000000000000_NUE_1964  |7 0  |8 F  |9 372635  |a BIBTEO  |b BIBTEO  |e Rehbein Pesce, Antonio, -2014  |h v.4  |i 5187346  |o 270 NUE 1964  |p 5187346  |r 2025-01-17  |w 2019-11-21  |y BK_F  |z Catalogado en:20150728  |k ICR 
952 |0 0  |1 0  |3 erd  |4 0  |6 270_000000000000000_NUE_1964  |7 0  |8 F  |9 372636  |a BIBTEO  |b BIBTEO  |e Rehbein Pesce, Antonio, -2014  |h v.5  |i 5187354  |o 270 NUE 1964  |p 5187354  |r 2025-01-17  |w 2019-11-21  |y BK_F  |z Catalogado en:20150728  |k ICR